<?xml version="1.0" encoding="UTF-8"?>
<record
    xmlns:xsi="http://www.w3.org/2001/XMLSchema-instance"
    xsi:schemaLocation="http://www.loc.gov/MARC21/slim http://www.loc.gov/standards/marcxml/schema/MARC21slim.xsd"
    xmlns="http://www.loc.gov/MARC21/slim">

  <leader>00348nam a22001217a 4500</leader>
  <datafield tag="040" ind1=" " ind2=" ">
    <subfield code="c">SK</subfield>
  </datafield>
  <datafield tag="082" ind1=" " ind2=" ">
    <subfield code="a">628</subfield>
  </datafield>
  <datafield tag="100" ind1=" " ind2=" ">
    <subfield code="a">&#x1794;&#x17C9;&#x17BB;&#x1780; &#x1794;&#x17CA;&#x17BB;&#x1793;&#x178E;&#x17B6;&#x178F;</subfield>
  </datafield>
  <datafield tag="245" ind1=" " ind2=" ">
    <subfield code="a">water supply and sanitation; &#x1780;&#x17B6;&#x179A;&#x1795;&#x17D2;&#x1782;&#x178F;&#x17CB;&#x1795;&#x17D2;&#x1782;&#x1784;&#x17CB;&#x200B;&#x200B; &#x1793;&#x17B7;&#x1784;&#x17A2;&#x1793;&#x1798;&#x17D0;&#x1799;&#x1791;&#x17B9;&#x1780;</subfield>
  </datafield>
  <datafield tag="260" ind1=" " ind2=" ">
    <subfield code="a">RUA</subfield>
    <subfield code="b">&#x1794;&#x17C9;&#x17BB;&#x1780;</subfield>
    <subfield code="c">2013</subfield>
  </datafield>
  <datafield tag="300" ind1=" " ind2=" ">
    <subfield code="a">28p.</subfield>
  </datafield>
  <datafield tag="942" ind1=" " ind2=" ">
    <subfield code="c">EK</subfield>
  </datafield>
  <datafield tag="999" ind1=" " ind2=" ">
    <subfield code="c">8899</subfield>
    <subfield code="d">8899</subfield>
  </datafield>
  <datafield tag="952" ind1=" " ind2=" ">
    <subfield code="0">0</subfield>
    <subfield code="1">0</subfield>
    <subfield code="4">0</subfield>
    <subfield code="6">628_000000000000000_&#x1794;&#x17BB;&#x1780;_2013_C236</subfield>
    <subfield code="7">0</subfield>
    <subfield code="9">49957</subfield>
    <subfield code="a">LBC</subfield>
    <subfield code="b">LBC</subfield>
    <subfield code="c">C236</subfield>
    <subfield code="d">2016-08-19</subfield>
    <subfield code="o">628 &#x1794;&#x17C9;&#x17BB;&#x1780; 2013 C236</subfield>
    <subfield code="p">RUA061742</subfield>
    <subfield code="r">2016-08-19</subfield>
    <subfield code="y">EK</subfield>
  </datafield>
  <datafield tag="952" ind1=" " ind2=" ">
    <subfield code="0">0</subfield>
    <subfield code="1">0</subfield>
    <subfield code="4">0</subfield>
    <subfield code="6">628_000000000000000_&#x1794;&#x17BB;&#x1780;_2013_C255</subfield>
    <subfield code="7">0</subfield>
    <subfield code="9">49959</subfield>
    <subfield code="a">LBC</subfield>
    <subfield code="b">LBC</subfield>
    <subfield code="c">C255</subfield>
    <subfield code="d">2016-08-19</subfield>
    <subfield code="o">628 &#x1794;&#x17C9;&#x17BB;&#x1780; 2013 C255</subfield>
    <subfield code="p">RUA061982</subfield>
    <subfield code="r">2016-08-19</subfield>
    <subfield code="y">EK</subfield>
  </datafield>
  <datafield tag="952" ind1=" " ind2=" ">
    <subfield code="0">0</subfield>
    <subfield code="1">0</subfield>
    <subfield code="4">0</subfield>
    <subfield code="6">628_000000000000000_&#x1794;&#x17BB;&#x1780;_2013_C255</subfield>
    <subfield code="7">0</subfield>
    <subfield code="9">49960</subfield>
    <subfield code="a">LBC</subfield>
    <subfield code="b">LBC</subfield>
    <subfield code="c">C255</subfield>
    <subfield code="d">2016-08-19</subfield>
    <subfield code="o">628  &#x1794;&#x17C9;&#x17BB;&#x1780;  2013 C255</subfield>
    <subfield code="p">RUA41348</subfield>
    <subfield code="r">2016-08-19</subfield>
    <subfield code="y">EK</subfield>
  </datafield>
</record>
